[Event "11. Europa ch 2010 Femenino"]
[Site "Rijeka CRO"]
[Date "2010.03.14"]
[Round "8.49"]
[White "Shaidullina, Sandugach"]
[Black "Kachiani Gersinska, Ketino"]
[Result "1/2-1/2"]
[WhiteElo "2218"]
[BlackElo "2346"]
[PlyCount "63"]
[EventDate "2010.03.06"]
[EventType "swiss"]
[EventRounds "11"]
[EventCountry "CRO"]
[Source "lmi"]
[SourceDate "2010.03.06"]

1. d4 Nf6 2. c4 g6 3. Nf3 Bg7 4. g3 O-O 5. Bg2 d6 6. O-O Nc6 7. Nc3 a6 8. b3
Rb8 9. Bb2 b5 10. d5 Na5 11. cxb5 axb5 12. Nd4 b4 13. Na4 e6 14. e4 Bd7 15. Rc1
e5 16. Nc6 Nxc6 17. dxc6 Bg4 18. Qd2 Qc8 19. Rc4 Bh3 20. Rxb4 Rxb4 21. Qxb4 Nh5
22. f3 Be6 23. Qb7 Qxb7 24. cxb7 Rb8 25. Rc1 Rxb7 26. Bf1 Bh6 27. Rc6 Be3+ 28.
Kg2 g5 29. Bc4 Nf6 30. g4 Nd7 31. Bxe6 fxe6 32. Bc1 1/2-1/2

[Event "11. Europa ch 2010 Femenino"]
[Site "Rijeka CRO"]
[Date "2010.03.14"]
[Round "8.51"]
[White "Tsatsalashvili, Ketevan"]
[Black "Fuchs, Judith"]
[Result "1-0"]
[WhiteElo "2326"]
[BlackElo "2222"]
[PlyCount "133"]
[EventDate "2010.03.06"]
[EventType "swiss"]
[EventRounds "11"]
[EventCountry "CRO"]
[Source "lmi"]
[SourceDate "2010.03.06"]

1. d4 Nf6 2. c4 e6 3. Nf3 b6 4. g3 Ba6 5. b3 Bb4+ 6. Bd2 Be7 7. Bg2 c6 8. O-O
d5 9. Qc2 Nbd7 10. Bf4 O-O 11. Nc3 Rc8 12. e4 dxc4 13. Nd2 c5 14. d5 e5 15. Be3
cxb3 16. axb3 Bxf1 17. Bxf1 c4 18. Nxc4 Bc5 19. Bxc5 Rxc5 20. b4 Rc8 21. Nd6
Ra8 22. Ba6 Ne8 23. Nxe8 Qxe8 24. Bb7 Rd8 25. Bc6 f5 26. exf5 Qh5 27. Rxa7 Nf6
28. Kg2 Qg4 29. b5 e4 30. Ra4 Qf3+ 31. Kg1 Qxf5 32. Rd4 Kh8 33. d6 h6 34. Qd2
Qc5 35. h3 Qf5 36. Kg2 Qf3+ 37. Kh2 Qh5 38. Nxe4 Ng4+ 39. Kg2 Ne5 40. Qd1 Qf5
41. f4 Nd7 42. Qg4 Qxg4 43. hxg4 Nf6 44. Nxf6 Rxf6 45. d7 Rf7 46. Re4 Kh7 47.
Re8 Rfxd7 48. Bxd7 Rxd7 49. Re6 Rd3 50. Rxb6 Rb3 51. Rb8 Kg6 52. b6 Kf7 53. b7
Kg6 54. Kf2 Kh7 55. f5 Rb2+ 56. Kf3 Rb1 57. Kg2 Rb2+ 58. Kh3 Rb1 59. g5 hxg5
60. Kg4 Rb3 61. Kh5 Rb1 62. Kxg5 Rb2 63. Kf4 Rb1 64. g4 Rb4+ 65. Ke5 Rb5+ 66.
Ke6 Rb6+ 67. Ke7 1-0

[Event "11. Europa ch 2010 Femenino"]
[Site "Rijeka CRO"]
[Date "2010.03.14"]
[Round "8.53"]
[White "Zakurdjaeva, Irina"]
[Black "Umudova, Nargiz"]
[Result "0-1"]
[WhiteElo "2313"]
[BlackElo "2211"]
[PlyCount "120"]
[EventDate "2010.03.06"]
[EventType "swiss"]
[EventRounds "11"]
[EventCountry "CRO"]
[Source "lmi"]
[SourceDate "2010.03.06"]

1. e4 c5 2. Nf3 Nc6 3. d4 cxd4 4. Nxd4 Nf6 5. Nc3 e5 6. Ndb5 d6 7. Bg5 a6 8.
Na3 b5 9. Nd5 Be7 10. Bxf6 Bxf6 11. c3 Ne7 12. Nxe7 Bxe7 13. Nc2 Bb7 14. Qg4 h5
15. Qf3 Qd7 16. a4 bxa4 17. Ne3 O-O 18. Bc4 Bg5 19. O-O Bxe3 20. Qxe3 Rac8 21.
Ba2 Rc5 22. Rad1 Qc7 23. Rd3 Rb5 24. Qg5 Bxe4 25. Rg3 g6 26. Qxh5 Kg7 27. Qe2
Qb7 28. Bb1 Bxb1 29. Rxb1 a3 30. b4 a5 31. Rd1 axb4 32. cxb4 Ra8 33. Qa2 Rxb4
34. Rxa3 Rxa3 35. Qxa3 Rd4 36. Rc1 Qd5 37. g3 Rd3 38. Qa4 Qf3 39. Qb4 Rd4 40.
Qb2 Rd3 41. Re1 Rd1 42. Rxd1 Qxd1+ 43. Kg2 Qd5+ 44. Kg1 Qe4 45. f4 Kf6 46. Qb8
Qe1+ 47. Kg2 Qd2+ 48. Kf3 Qd3+ 49. Kg4 e4 50. Qd8+ Kg7 51. Qe7 Qd5 52. Kh3 Qe6+
53. Qxe6 fxe6 54. Kg2 d5 55. Kf2 d4 56. g4 Kf6 57. h4 e5 58. f5 gxf5 59. g5+
Kg6 60. Ke2 f4 0-1

[Event "11. Europa ch 2010 Femenino"]
[Site "Rijeka CRO"]
[Date "2010.03.14"]
[Round "8.54"]
[White "Danelia, Mariam"]
[Black "Aginian, Nelly"]
[Result "1/2-1/2"]
[WhiteElo "2199"]
[BlackElo "2296"]
[PlyCount "77"]
[EventDate "2010.03.06"]
[EventType "swiss"]
[EventRounds "11"]
[EventCountry "CRO"]
[Source "lmi"]
[SourceDate "2010.03.06"]

1. d4 d5 2. c4 c6 3. Nf3 Nf6 4. Nc3 e6 5. Bg5 h6 6. Bh4 dxc4 7. e4 g5 8. Bg3 b5
9. Be2 Bb7 10. Ne5 Nbd7 11. Qc2 Bg7 12. Rd1 Qe7 13. h4 a6 14. hxg5 hxg5 15.
Rxh8+ Bxh8 16. a4 Nb6 17. a5 Nbd7 18. Nxd7 Nxd7 19. e5 O-O-O 20. Ne4 f5 21.
Nd6+ Kb8 22. b3 cxb3 23. Qxb3 Bg7 24. Rb1 Rh8 25. f3 Qd8 26. Qa2 Rh1+ 27. Kf2
Rxb1 28. Qxb1 Qxa5 29. Nxf5 exf5 30. Qxf5 Qd8 31. Qf7 Nxe5 32. Qxg7 Qxd4+ 33.
Kf1 Qa1+ 34. Kf2 Qd4+ 35. Ke1 Qc3+ 36. Kf2 Qc5+ 37. Kf1 Qc1+ 38. Kf2 Qc5+ 39.
Kf1 1/2-1/2

[Event "11. Europa ch 2010 Femenino"]
[Site "Rijeka CRO"]
[Date "2010.03.14"]
[Round "8.56"]
[White "Pertlova, Sona"]
[Black "Kopinits, Anna Christina"]
[Result "1/2-1/2"]
[WhiteElo "2262"]
[BlackElo "2183"]
[PlyCount "127"]
[EventDate "2010.03.06"]
[EventType "swiss"]
[EventRounds "11"]
[EventCountry "CRO"]
[Source "lmi"]
[SourceDate "2010.03.06"]

1. d4 Nf6 2. c4 e6 3. g3 d5 4. Nf3 Bb4+ 5. Bd2 Be7 6. Bg2 c6 7. Qc2 b6 8. O-O
Ba6 9. b3 Nbd7 10. Rd1 O-O 11. Bf4 Rc8 12. Nc3 Re8 13. e4 dxc4 14. Nd2 b5 15.
bxc4 bxc4 16. Rac1 Qa5 17. Na4 Bb5 18. Nb2 c3 19. Ndc4 Qb4 20. a3 cxb2 21. axb4
bxc1=Q 22. Rxc1 Bxb4 23. Nd6 Bxd6 24. Bxd6 a6 25. h3 Nb6 26. Bf1 Red8 27. Ba3
Na4 28. Rd1 Nxe4 29. Qxe4 Nc3 30. Qe1 Nxd1 31. Qxd1 c5 32. Bxb5 axb5 33. Qh5 b4
34. Bb2 c4 35. Qb5 c3 36. Qxb4 cxb2 37. Qxb2 h6 38. Qb6 Rd5 39. h4 h5 40. Kg2
Rcd8 41. Qc6 Rxd4 42. Qb5 g6 43. Qb6 R8d5 44. Qb8+ Kg7 45. Qb2 Kh7 46. Qb7 Rd7
47. Qa8 Kg7 48. Qa1 e5 49. Qa5 Re7 50. Qc5 Re6 51. Qc3 Rd7 52. Qe3 Rde7 53. Qc5
Re8 54. Qb5 e4 55. Qb2+ Rf6 56. Qd4 Ree6 57. Qb2 e3 58. fxe3 Rxe3 59. Kh3 Ref3
60. Qd4 Kh7 61. Qb2 R6f5 62. Qe2 Rf2 63. Qe3 R5f3 64. Qh6+ 1/2-1/2

[Event "11. Europa ch 2010 Femenino"]
[Site "Rijeka CRO"]
[Date "2010.03.14"]
[Round "8.58"]
[White "Videnova, Iva"]
[Black "Partac, Elena"]
[Result "1/2-1/2"]
[WhiteElo "2258"]
[BlackElo "2172"]
[PlyCount "109"]
[EventDate "2010.03.06"]
[EventType "swiss"]
[EventRounds "11"]
[EventCountry "CRO"]
[Source "lmi"]
[SourceDate "2010.03.06"]

1. e4 c5 2. Nf3 Nc6 3. d4 cxd4 4. Nxd4 d6 5. c4 g6 6. Nc3 Bg7 7. Be3 Nf6 8. Be2
Bd7 9. Qd2 Ng4 10. Nxc6 bxc6 11. Bg5 Qa5 12. h3 Rb8 13. O-O Nf6 14. Rad1 Qc7
15. b3 Rd8 16. Kh1 O-O 17. f4 Bc8 18. Qe3 Rde8 19. c5 dxc5 20. Qxc5 Nd7 21. Qe3
Nb6 22. a4 a5 23. Rc1 Qb7 24. Bf3 f6 25. Bh4 e5 26. fxe5 fxe5 27. Bf2 Nd7 28.
Nb1 Nb8 29. Nd2 Be6 30. Nc4 Qc7 31. Qb6 Qxb6 32. Bxb6 Nd7 33. Bxa5 Rb8 34. b4
Bh6 35. Rc2 Bf4 36. Be2 Nf6 37. Nd6 Bb3 38. Rxc6 Bxa4 39. Rc7 Bb3 40. Rc3 Be6
41. Rd1 h5 42. g3 Bh6 43. Bc4 Bxc4 44. Rxc4 h4 45. gxh4 Nh5 46. Rg1 Be3 47. Re1
Rf3 48. Rc2 Rbf8 49. b5 Rxh3+ 50. Rh2 Rxh2+ 51. Kxh2 Rf2+ 52. Kh3 Rf3+ 53. Kg2
Rf2+ 54. Kh3 Rf3+ 55. Kg2 1/2-1/2

[Event "11. Europa ch 2010 Femenino"]
[Site "Rijeka CRO"]
[Date "2010.03.14"]
[Round "8.60"]
[White "Fakhiridou, Ekaterini"]
[Black "Berke, Ana"]
[Result "1-0"]
[WhiteElo "2252"]
[BlackElo "2097"]
[PlyCount "105"]
[EventDate "2010.03.06"]
[EventType "swiss"]
[EventRounds "11"]
[EventCountry "CRO"]
[Source "lmi"]
[SourceDate "2010.03.06"]

1. e4 e5 2. Nf3 Nc6 3. Nc3 Nf6 4. g3 Bc5 5. Bg2 d6 6. O-O a6 7. d3 O-O 8. Nd5
Nxd5 9. exd5 Ne7 10. d4 exd4 11. Nxd4 Nf5 12. Nf3 h6 13. Rb1 a5 14. b3 Bd7 15.
Bb2 c6 16. dxc6 Bxc6 17. Qd3 Qd7 18. Rbd1 Rad8 19. Rfe1 f6 20. Bh3 Bxf3 21.
Qxf3 g6 22. Rd5 Rde8 23. Red1 Nd4 24. Bxd4 Qxh3 25. Bxc5 dxc5 26. Rd6 Qf5 27.
Qxf5 gxf5 28. R6d5 b6 29. Kg2 f4 30. g4 a4 31. Kf3 axb3 32. axb3 Kg7 33. h4 c4
34. bxc4 Rc8 35. R1d4 f5 36. Rd7+ Kg8 37. g5 hxg5 38. hxg5 Rc6 39. Kxf4 Rc5 40.
R7d5 Rfc8 41. g6 Rxc4 42. Rxc4 Rxc4+ 43. Kxf5 Rxc2 44. f4 Kg7 45. Rd7+ Kg8 46.
Kg5 Rc5+ 47. f5 b5 48. Rb7 Rd5 49. Kf6 Rd6+ 50. Ke5 Rc6 51. f6 Rc8 52. Rg7+ Kh8
53. Rh7+ 1-0

[Event "11. Europa ch 2010 Femenino"]
[Site "Rijeka CRO"]
[Date "2010.03.14"]
[Round "8.62"]
[White "Baciu, Diana"]
[Black "Haast, Anne"]
[Result "1/2-1/2"]
[WhiteElo "2146"]
[BlackElo "2235"]
[PlyCount "150"]
[EventDate "2010.03.06"]
[EventType "swiss"]
[EventRounds "11"]
[EventCountry "CRO"]
[Source "lmi"]
[SourceDate "2010.03.06"]

1. e4 e5 2. Nf3 Nc6 3. Bc4 Bc5 4. c3 Nf6 5. d3 a6 6. Nbd2 O-O 7. h3 Ba7 8. Bb3
Kh8 9. Nf1 d5 10. Qe2 dxe4 11. dxe4 Be6 12. Ng3 Bxb3 13. axb3 Ne8 14. O-O Nd6
15. Bg5 f6 16. Bd2 Qd7 17. Rad1 Qe6 18. b4 Rad8 19. Bc1 Rd7 20. Ne1 Rfd8 21.
Nc2 Ne7 22. Be3 Bxe3 23. Nxe3 Ng6 24. Qg4 Qxg4 25. hxg4 Nf4 26. f3 g6 27. Rd2
Nb5 28. Rxd7 Rxd7 29. Rd1 Rxd1+ 30. Nxd1 Nd6 31. Nf1 Nc4 32. Nfe3 Nxe3 33. Nxe3
Kg7 34. g3 Nd3 35. Nd1 c5 36. bxc5 Nxc5 37. b4 Nd7 38. Kf2 Kf7 39. Ne3 Ke6 40.
Ke2 b6 41. Kd3 Kd6 42. Kc2 Kc6 43. Kb3 Kb5 44. Nc4 a5 45. Na3+ Kc6 46. bxa5
bxa5 47. Ka4 Nc5+ 48. Kxa5 Nb3+ 49. Kb4 Nd2 50. Nc4 Nxf3 51. Na5+ Kd6 52. Nc4+
Ke6 53. Kc5 Ng1 54. Nd2 Ne2 55. c4 Nxg3 56. Kb6 Ne2 57. c5 Nd4 58. c6 Nxc6 59.
Kxc6 h5 60. gxh5 gxh5 61. Nf1 h4 62. Kc5 f5 63. exf5+ Kxf5 64. Kc4 Ke4 65. Kc3
Kf3 66. Kd2 Kf2 67. Ne3 h3 68. Nd1+ Kf3 69. Ke1 e4 70. Nf2 h2 71. Kf1 e3 72.
Nh1 Ke4 73. Ke2 Kf4 74. Kf1 Kf3 75. Nf2 exf2 1/2-1/2

[Event "11. Europa ch 2010 Femenino"]
[Site "Rijeka CRO"]
[Date "2010.03.14"]
[Round "8.63"]
[White "Yusuphanova, Saida"]
[Black "Severiukhina, Zoja"]
[Result "0-1"]
[WhiteElo "1843"]
[BlackElo "2355"]
[PlyCount "74"]
[EventDate "2010.03.06"]
[EventType "swiss"]
[EventRounds "11"]
[EventCountry "CRO"]
[Source "lmi"]
[SourceDate "2010.03.06"]

1. e4 c5 2. Nf3 d6 3. d3 Nc6 4. g3 Nf6 5. Bg2 e6 6. O-O Be7 7. h3 d5 8. Nbd2
Qc7 9. Re1 h6 10. e5 Nd7 11. c4 d4 12. Qe2 b6 13. a3 Bb7 14. b4 cxb4 15. axb4
Bxb4 16. Ba3 Bxa3 17. Rxa3 Nc5 18. Nb1 O-O 19. g4 f6 20. exf6 Rxf6 21. g5 hxg5
22. Nxg5 Qf4 23. Ne4 Nxe4 24. Bxe4 Raf8 25. Rf1 Na5 26. Nd2 Rh6 27. Bxb7 Nxb7
28. Ne4 Rxh3 29. Ng3 Rf6 30. Rxa7 Nc5 31. Kg2 Rfh6 32. Rg1 Rh2+ 33. Kf1 Qc1+
34. Qe1 Rxf2+ 35. Kxf2 Nxd3+ 36. Ke2 Nxe1 37. Nf5 Rh2+ 0-1

[Event "11. Europa ch 2010 Femenino"]
[Site "Rijeka CRO"]
[Date "2010.03.14"]
[Round "8.64"]
[White "Nemcova, Katerina"]
[Black "Brunello, Roberta"]
[Result "1-0"]
[WhiteElo "2264"]
[BlackElo "2043"]
[PlyCount "51"]
[EventDate "2010.03.06"]
[EventType "swiss"]
[EventRounds "11"]
[EventCountry "CRO"]
[Source "lmi"]
[SourceDate "2010.03.06"]

1. e4 e5 2. Nf3 Nc6 3. Bc4 Bc5 4. O-O Nf6 5. d4 Bxd4 6. Nxd4 Nxd4 7. f4 d6 8.
fxe5 dxe5 9. Bg5 Be6 10. Na3 Qe7 11. c3 Nc6 12. Kh1 Bxc4 13. Nxc4 Qe6 14. Bxf6
Qxc4 15. Bxg7 Rg8 16. Bf6 Qxe4 17. Qd2 Rg6 18. Rad1 Qg4 19. Qf2 Qe6 20. b4 a6
21. a4 b6 22. b5 axb5 23. axb5 Ne7 24. Bxe5 Ra2 25. Qd4 Ra8 26. Bxc7 1-0

[Event "11. Europa ch 2010 Femenino"]
[Site "Rijeka CRO"]
[Date "2010.03.14"]
[Round "8.65"]
[White "Brunello, Marina"]
[Black "Trofimova, Antonina"]
[Result "1/2-1/2"]
[WhiteElo "2217"]
[BlackElo "2182"]
[PlyCount "97"]
[EventDate "2010.03.06"]
[EventType "swiss"]
[EventRounds "11"]
[EventCountry "CRO"]
[Source "lmi"]
[SourceDate "2010.03.06"]

1. e4 c5 2. c3 d5 3. exd5 Qxd5 4. d4 Nc6 5. Nf3 Bg4 6. Be2 e6 7. O-O Nf6 8. h3
Bh5 9. Be3 cxd4 10. cxd4 Be7 11. Nc3 Qd6 12. Qb3 O-O 13. Rfd1 Nd5 14. Rac1 Rab8
15. a3 h6 16. Ne4 Qd8 17. Ng3 Bxf3 18. Bxf3 Na5 19. Qb5 a6 20. Qe2 b5 21. Nh5
Nc4 22. Be4 Bg5 23. Bxg5 Qxg5 24. b3 Nxa3 25. Rc5 g6 26. Bxd5 Qxh5 27. Bf3 Qh4
28. g3 Qf6 29. Kg2 Rbd8 30. Qd2 b4 31. Qxb4 Nb5 32. d5 exd5 33. Rcxd5 Rxd5 34.
Rxd5 Rd8 35. Rxd8+ Qxd8 36. Bb7 Qb6 37. Qe7 Nc7 38. Qd8+ Kg7 39. Bf3 a5 40. h4
h5 41. Qg5 Kf8 42. Qd8+ Kg7 43. Be2 Qc6+ 44. Kg1 Qc1+ 45. Bf1 Qc5 46. Bc4 Ne6
47. Qd7 Kf6 48. Kg2 Qf5 49. Qd6 1/2-1/2

[Event "11. Europa ch 2010 Femenino"]
[Site "Rijeka CRO"]
[Date "2010.03.14"]
[Round "8.67"]
[White "Efroimski, Marsel"]
[Black "Bogumil, Tatiana"]
[Result "1/2-1/2"]
[WhiteElo "2178"]
[BlackElo "2201"]
[PlyCount "120"]
[EventDate "2010.03.06"]
[EventType "swiss"]
[EventRounds "11"]
[EventCountry "CRO"]
[Source "lmi"]
[SourceDate "2010.03.06"]

1. e4 Nc6 2. d4 d5 3. e5 Bf5 4. Nf3 e6 5. Be2 f6 6. Bf4 Nge7 7. O-O Ng6 8. Bg3
fxe5 9. dxe5 Bc5 10. Nbd2 O-O 11. c4 d4 12. Nb3 b6 13. Bd3 a5 14. Nc1 Qe7 15.
Qa4 Qe8 16. Kh1 Nb4 17. Qxe8 Raxe8 18. Ne1 Nxd3 19. Ncxd3 Be7 20. Rd1 c5 21.
Nc2 h5 22. h3 h4 23. Bh2 Be4 24. Kg1 Rf5 25. Rfe1 Bc6 26. Rd2 Bg5 27. Rde2 Nf4
28. Bxf4 Bxf4 29. b3 Bg5 30. a3 Be7 31. Rb1 Rg5 32. Nce1 Ra8 33. f3 Rf5 34. b4
axb4 35. axb4 Rff8 36. bxc5 bxc5 37. Reb2 Rfc8 38. Kf2 Kf8 39. Nf4 Kf7 40. Ne2
Ra4 41. Rc2 Ke8 42. Nd3 Kd7 43. Nec1 Ra3 44. Nb3 Ba4 45. Rcb2 Bxb3 46. Rxb3
Ra2+ 47. R1b2 Ra4 48. Rc2 Kc6 49. Nf4 Bg5 50. Nd3 Be7 51. Ke2 g5 52. Nf2 Rca8
53. Ne4 Ra2 54. Rcb2 Rxb2+ 55. Rxb2 Ra4 56. Kd3 Ra3+ 57. Ke2 Ra4 58. Kd3 Ra3+
59. Ke2 Ra4 60. Kd3 Ra3+ 1/2-1/2

[Event "11. Europa ch 2010 Femenino"]
[Site "Rijeka CRO"]
[Date "2010.03.14"]
[Round "8.68"]
[White "Cherednichenko, Elena"]
[Black "Sandu, Mihaela"]
[Result "1/2-1/2"]
[WhiteElo "2100"]
[BlackElo "2278"]
[PlyCount "64"]
[EventDate "2010.03.06"]
[EventType "swiss"]
[EventRounds "11"]
[EventCountry "CRO"]
[Source "lmi"]
[SourceDate "2010.03.06"]

1. d4 Nf6 2. Nf3 g6 3. Bf4 Bg7 4. e3 d6 5. h3 Nbd7 6. Be2 O-O 7. O-O Ne4 8.
Nbd2 Nxd2 9. Qxd2 e5 10. Bh2 Qe7 11. c4 e4 12. Ne1 f5 13. Qa5 c5 14. Nc2 Nb8
15. dxc5 dxc5 16. Rad1 Nc6 17. Qb5 Ne5 18. b4 Be6 19. bxc5 a6 20. Qb4 Rfc8 21.
Nd4 Bf7 22. Nb3 Rc7 23. Rd2 Rac8 24. Rd4 h6 25. Rd6 Nd7 26. Rd2 Be5 27. Bxe5
Nxe5 28. Rd6 Kh7 29. Qc3 Nd7 30. Qd4 Ne5 31. Qc3 Nd7 32. Qd4 Ne5 1/2-1/2

[Event "11. Europa ch 2010 Femenino"]
[Site "Rijeka CRO"]
[Date "2010.03.14"]
[Round "8.69"]
[White "Sargac, Rajna"]
[Black "Drljevic, Ljilja"]
[Result "1/2-1/2"]
[WhiteElo "2157"]
[BlackElo "2248"]
[PlyCount "73"]
[EventDate "2010.03.06"]
[EventType "swiss"]
[EventRounds "11"]
[EventCountry "CRO"]
[Source "lmi"]
[SourceDate "2010.03.06"]

1. d4 d6 2. c4 Nd7 3. Nc3 e5 4. e3 Ngf6 5. Bd3 g6 6. Nge2 Bg7 7. O-O O-O 8. b3
Nh5 9. Bc2 exd4 10. exd4 f5 11. Nd5 Nc5 12. b4 Ne6 13. f4 c6 14. Ndc3 Qb6 15.
c5 Qxb4 16. Rb1 Qa5 17. cxd6 Rd8 18. d7 Rxd7 19. Bb3 Rd6 20. Na4 Kh8 21. Ba3
Rd8 22. Be7 Re8 23. Bd6 b5 24. Nc5 Nxc5 25. dxc5 Be6 26. Nd4 Bxb3 27. axb3 Rac8
28. Nxf5 gxf5 29. Qxh5 Qa2 30. Qxf5 Qe2 31. b4 a5 32. bxa5 Ra8 33. Bc7 Re7 34.
Bd6 Ree8 35. Bc7 Re7 36. Bd6 Ree8 37. Bc7 1/2-1/2

[Event "11. Europa ch 2010 Femenino"]
[Site "Rijeka CRO"]
[Date "2010.03.14"]
[Round "8.70"]
[White "Coimbra, Margarida"]
[Black "Jelica, Mara"]
[Result "0-1"]
[WhiteElo "2123"]
[BlackElo "2235"]
[PlyCount "52"]
[EventDate "2010.03.06"]
[EventType "swiss"]
[EventRounds "11"]
[EventCountry "CRO"]
[Source "lmi"]
[SourceDate "2010.03.06"]

1. e4 c5 2. c3 d5 3. exd5 Qxd5 4. d4 Nc6 5. Be3 cxd4 6. cxd4 e5 7. Nc3 Bb4 8.
dxe5 Qxe5 9. Nge2 Nf6 10. a3 Bxc3+ 11. Nxc3 O-O 12. Be2 Rd8 13. Qa4 Be6 14. O-O
Nd4 15. Rfe1 Nxe2+ 16. Rxe2 b5 17. Qf4 Qh5 18. Qg5 a5 19. Rd2 Rxd2 20. Bxd2 Bc4
21. Re1 h6 22. Qxh5 Nxh5 23. b4 axb4 24. axb4 Rd8 25. Rd1 Bb3 26. Rb1 Bc2 0-1

[Event "11. Europa ch 2010 Femenino"]
[Site "Rijeka CRO"]
[Date "2010.03.14"]
[Round "8.71"]
[White "Hoolt, Sarah"]
[Black "Racki, Barbara"]
[Result "1-0"]
[WhiteElo "2215"]
[BlackElo "1698"]
[PlyCount "105"]
[EventDate "2010.03.06"]
[EventType "swiss"]
[EventRounds "11"]
[EventCountry "CRO"]
[Source "lmi"]
[SourceDate "2010.03.06"]

1. e4 e5 2. Nf3 Nc6 3. Bc4 Bc5 4. O-O Nf6 5. d3 d6 6. c3 Bd7 7. Bb3 Ne7 8. d4
exd4 9. cxd4 Bb4 10. e5 Nfd5 11. Bg5 h6 12. Bd2 Bxd2 13. Nbxd2 O-O 14. Re1 Nf4
15. Ne4 Bg4 16. h3 Be6 17. Bc2 Neg6 18. exd6 cxd6 19. Qd2 Qd7 20. Re3 Nd5 21.
Ra3 b5 22. Ne1 f5 23. Ng3 Nh4 24. f4 Kh8 25. Nf3 Ng6 26. Ne2 Nb6 27. Bd3 Nc4
28. Bxc4 Bxc4 29. Re1 Bxe2 30. Rxe2 Rfe8 31. Rae3 Rxe3 32. Qxe3 Kh7 33. h4 Rc8
34. b3 Nh8 35. d5 Nf7 36. Qe7 Rc7 37. Qxd7 Rxd7 38. Nd4 Rc7 39. Nxb5 Rc5 40.
Nxa7 Rxd5 41. Nc6 Rd1+ 42. Kf2 h5 43. Ke3 Kg6 44. b4 Kf6 45. a4 d5 46. Rd2 Rxd2
47. Kxd2 Nd6 48. a5 Ke6 49. Kd3 Kd7 50. Ne5+ Kc7 51. Kd4 Nb5+ 52. Kxd5 Nc3+ 53.
Ke6 1-0

[Event "11. Europa ch 2010 Femenino"]
[Site "Rijeka CRO"]
[Date "2010.03.14"]
[Round "8.72"]
[White "Kharatyan, Anahit"]
[Black "Van Weersel, Arlette"]
[Result "1-0"]
[WhiteElo "2117"]
[BlackElo "2197"]
[PlyCount "76"]
[EventDate "2010.03.06"]
[EventType "swiss"]
[EventRounds "11"]
[EventCountry "CRO"]
[Source "lmi"]
[SourceDate "2010.03.06"]

1. e4 e5 2. Nf3 Nc6 3. Bc4 Nf6 4. d3 Be7 5. c3 O-O 6. Nbd2 d5 7. Bb3 h6 8. Qe2
Bg4 9. h3 Be6 10. Ba4 Bd6 11. Nf1 Ne7 12. g4 Nh7 13. Ng3 Ng6 14. Nf5 c6 15. h4
b5 16. Bb3 a5 17. h5 Nf4 18. Bxf4 exf4 19. e5 Be7 20. d4 Bxf5 21. gxf5 f6 22.
e6 a4 23. Bc2 b4 24. Rg1 Ra7 25. Nh4 Bd6 26. c4 Re8 27. c5 Bf8 28. Ng6 Qb8 29.
Bd3 Ng5 30. f3 Qc7 31. Rg4 Qa5 32. Kf1 a3 33. b3 Bxc5 34. dxc5 Qxc5 35. Nxf4
Qc3 36. Rd1 Ra5 37. Kg2 d4 38. Ng6 Rd5 1-0

[Event "11. Europa ch 2010 Femenino"]
[Site "Rijeka CRO"]
[Date "2010.03.14"]
[Round "8.74"]
[White "Tonel, Giulia"]
[Black "Ikonomopoulou, Maria"]
[Result "1/2-1/2"]
[WhiteElo "2023"]
[BlackElo "2081"]
[PlyCount "113"]
[EventDate "2010.03.06"]
[EventType "swiss"]
[EventRounds "11"]
[EventCountry "CRO"]
[Source "lmi"]
[SourceDate "2010.03.06"]

1. e4 c5 2. Nf3 d6 3. d4 cxd4 4. Qxd4 Nc6 5. Bb5 Bd7 6. Bxc6 Bxc6 7. Nc3 Nf6 8.
Bg5 e6 9. O-O-O Be7 10. Rhe1 O-O 11. Qd2 h6 12. Bxf6 Bxf6 13. Kb1 Qb6 14. Nd4
Rac8 15. f3 Rfd8 16. Nce2 d5 17. e5 Bxe5 18. f4 Bf6 19. g4 Ba4 20. b3 Be7 21.
Qe3 Bd7 22. g5 hxg5 23. fxg5 Bd6 24. Qf3 e5 25. Rf1 Rf8 26. g6 fxg6 27. Qxd5+
Kh8 28. Ne6 Rxf1 29. Rxf1 Qc6 30. Qxc6 Bxc6 31. Ng3 Kg8 32. Rd1 Bb8 33. Ng5 Bc7
34. c4 Rd8 35. Rxd8+ Bxd8 36. N5e4 Kf7 37. Kc2 Ke6 38. Kd3 Bb6 39. c5 Bb5+ 40.
Kc3 Bd8 41. Nd6 Bc6 42. b4 b6 43. Nc8 bxc5 44. Nxa7 cxb4+ 45. Kxb4 Bf3 46. a4
Kf6 47. a5 Bb7 48. Kb5 Kg5 49. a6 Ba8 50. Nc8 Kf4 51. Nd6 e4 52. Ngxe4 Bc7 53.
a7 Bxd6 54. Nxd6 Ke5 55. Ne8 Kf4 56. Nxg7 Kg4 57. Ne6 1/2-1/2

[Event "11. Europa ch 2010 Femenino"]
[Site "Rijeka CRO"]
[Date "2010.03.14"]
[Round "8.75"]
[White "Semenova, Elena"]
[Black "Kukic, Lora"]
[Result "1-0"]
[WhiteElo "2195"]
[BlackElo "1723"]
[PlyCount "67"]
[EventDate "2010.03.06"]
[EventType "swiss"]
[EventRounds "11"]
[EventCountry "CRO"]
[Source "lmi"]
[SourceDate "2010.03.06"]

1. e4 c5 2. Nf3 e6 3. d4 cxd4 4. Nxd4 d6 5. Nc3 a6 6. f4 b5 7. Qf3 Bb7 8. Bd3
Nd7 9. Be3 Ngf6 10. a3 Rc8 11. O-O g6 12. Rae1 Bg7 13. Qh3 Qc7 14. Kh1 Nc5 15.
Bg1 O-O 16. Nf3 d5 17. e5 Nfd7 18. Nd4 Rfe8 19. Be3 Ne4 20. Bxe4 dxe4 21. Bd2
Qc4 22. Qe3 f5 23. exf6 Nxf6 24. Nce2 Ng4 25. Qg1 Rcd8 26. c3 e5 27. fxe5 Nxe5
28. Bg5 Rd7 29. b3 Qc8 30. Qe3 Nd3 31. Rd1 Qc5 32. Bf6 Qxa3 33. Bxg7 Rxg7 34.
Rxd3 1-0

[Event "11. Europa ch 2010 Femenino"]
[Site "Rijeka CRO"]
[Date "2010.03.14"]
[Round "8.78"]
[White "Samanic, Verena"]
[Black "Starcevic, Andrea"]
[Result "0-1"]
[WhiteElo "1607"]
[BlackElo "1712"]
[PlyCount "104"]
[EventDate "2010.03.06"]
[EventType "swiss"]
[EventRounds "11"]
[EventCountry "CRO"]
[Source "lmi"]
[SourceDate "2010.03.06"]

1. e4 c5 2. Nc3 d6 3. Nf3 Nf6 4. Be2 e6 5. d4 cxd4 6. Nxd4 a6 7. Nb3 Nc6 8. Bf4
Be7 9. O-O O-O 10. Qd3 e5 11. Be3 b5 12. a3 b4 13. Nd5 bxa3 14. Rxa3 Bb7 15.
Nxe7+ Qxe7 16. f3 Rfd8 17. Bg5 h6 18. Bh4 d5 19. exd5 Nb4 20. Qf5 Nbxd5 21. Bd3
Bc8 22. Qe4 g5 23. Bxg5 hxg5 24. Qe1 Nf4 25. Bc4 Ng6 26. Bd3 Be6 27. Qe3 Nd5
28. Qf2 Nb4 29. Be4 Rac8 30. Ra5 f5 31. Bd3 Nxd3 32. cxd3 Bxb3 33. Rxa6 Bf7 34.
Rfa1 Rxd3 35. Ra7 Rd7 36. R7a5 Rdc7 37. h3 Rc1+ 38. Kh2 Rxa1 39. Rxa1 Qc7 40.
b4 Qc3 41. Rb1 Rb8 42. b5 Bc4 43. b6 Qd4 44. Qe1 Rxb6 45. Rxb6 Qxb6 46. Qc3 Qd4
47. Qc2 Qd3 48. Qa4 Bf7 49. Qa8+ Kg7 50. Qa1 Qe2 51. Qc3 Nf4 52. h4 Qxg2# 0-1

[Event "11. Europa ch 2010 Femenino"]
[Site "Rijeka CRO"]
[Date "2010.03.15"]
[Round "9.4"]
[White "Kosintseva, Tatiana"]
[Black "Dembo, Yelena"]
[Result "1/2-1/2"]
[WhiteElo "2524"]
[BlackElo "2457"]
[PlyCount "67"]
[EventDate "2010.03.06"]
[EventType "swiss"]
[EventRounds "11"]
[EventCountry "CRO"]
[Source "lmi"]
[SourceDate "2010.03.06"]

1. e4 c5 2. Nf3 Nc6 3. Bb5 g6 4. Bxc6 dxc6 5. d3 Bg7 6. h3 Nf6 7. Nc3 O-O 8.
Bf4 Re8 9. Qd2 Nd7 10. e5 Nf8 11. Bh6 Ne6 12. Bxg7 Kxg7 13. O-O-O b5 14. Kb1 a5
15. Qe3 Qb6 16. g4 a4 17. h4 h6 18. Ne4 b4 19. Nfd2 b3 20. cxb3 axb3 21. a3 Ba6
22. Rc1 Red8 23. Nc4 Qa7 24. f4 Nd4 25. Rh3 Rd5 26. h5 Nc2 27. Qf2 Nb4 28. Qe2
Rad8 29. Nf2 Nc2 30. Rd1 Nd4 31. Qe1 Nc2 32. Qe2 Nd4 33. Qf1 Nc2 34. Qe2
1/2-1/2